Armas de fuego de Barcelona / por Eduardo Mora
Publicado:
San Jorge, núm. 92 (4rt trimestre 1973), pàg 75 - 80 :
MARC
| LEADER | 00000nam a2200000Ia 4500 | ||
|---|---|---|---|
| 001 | |||
| 008 | 160829s9999 xx 000 0 cat d | ||
| 100 | |a Mora Amell, Eduardo |9 29537 | ||
| 245 | |a Armas de fuego de Barcelona / por Eduardo Mora | ||
| 260 | |a San Jorge, núm. 92 (4rt trimestre 1973), pàg 75 - 80 | ||
| 650 | |a Armes de foc |x Història |x Barcelona |9 43455 | ||
| 650 | |a Armes de foc |x Fabricació |x Barcelona |9 43456 | ||
| 901 | |a Arxiu | ||
| 942 | |n 1 | ||
| 952 | |0 0 |1 0 |4 0 |7 1 |9 51453 |a Arxiu |b Arxiu |d 2016-12-01 |l 0 |r 2016-12-01 00:00:00 |w 2016-12-01 |y ARXIU | ||
| 999 | |c 55297 |d 55297 | ||